000 00728nam a22001817a 4500
005 20240319105240.0
010 _aHIN-127121
020 _a9789384252182
_c695.00
035 _aHN-99467
037 _bDBAD/PUB.
082 _a824
100 _aकाबरा किशोर
_963534
245 _aसंवेदना और संप्रेषण/
_cकिशोर काबरा द्वारा लिखित
260 _aविश्वास नगर
_bजास्मिन ब्लिकेशन
_c2021
270 _a29/61, प्रथम तल
_bदिल्ली
300 _a320पृष्ठ;
_c23सेमी(सजिल्द)
942 _adpl
_cHN
_2ddc
_h824
_mकाबरा
999 _c201578
_d201578